Statistiques concernant Questions Burger Quiz

Cliquez ici pour prendre le quiz!

Statistiques générales

  • Ce quiz a été pris 472 fois
  • Le résultat moyen est 8 sur 25

Statistiques - réponses

QuestionRéponse% Correct
Quel est le cri de l'aigle Milan ?Il huit.
58%
Que veulent dire les chiffres au fond des verres de cantine ?On sait pas, ça reste un mystère mais on est tous sur le coup…
56%
Si on avait persuadé Elvis Presley et Bob Marley de s'accoupler, on aurait pu obtenir :Oui mais alors on dit n’importe quoi et toutes les réponses sont possibles.
56%
Quel est le vice caché de Sherlock HolmesIl est cocaïnomane.
55%
Parmi ces affirmations sur les noms de villes, laquelle est correcte ?Budapest est le croisement de la ville de Buda et la ville de Pest.
48%
Quel métier Bernard Tapie n'a-t-il pas fait ?Jongleur.
46%
Laquelle de ces phrases contient toutes les lettres de l'alphabet ?Servez ce whisky aux petits juges blonds qui fument.
40%
À Pasadena en Californie, que faut-il pour utiliser un piège à souris ?Un permis de chasse.
37%
Qui a dit "je vis mon quotidien au jour le jour" ?Aziz du loft, avec 50 micros pour l’enregistrer.
35%
Lequel de ces requins existe-vraiment ?Le requin-citron.
34%
Qu'est-ce que le "Parapluie bulgare" ?Un parapluie armé développé par le KGB.
34%
Selon la légende, pourquoi la ligne ferroviaire Moscou - Saintt Pétersbourg fait-elle un détour de 17km ?Parce que le Tsar avait laissé un doigt dépasser de sa règle.
33%
Quand la série "Derrick" s'est arrêtée, son scénariste avait :84 ans.
27%
Une seule de ces affirmations est vraie, laquelle ?Richard Nixon a traversé la douane avec une mallette pleine de weed pour Louis Armstrong.
22%
Quel tatouage Johnny Depp a-t-il sur le bras droit ?Un tatouage « Wine Forever » qui veut dire « ivrogne pour toujours ».
21%
Une seule de ces affirmations sur ces acteurs champions d'arts martiaux est complètement vraie, laquelle ?Jackie Chan a enregistré 20 albums.
20%
Quels sont les animaux les plus présents sur Terre ?Les vers de terre.
20%
Une seule de ces célébrités a été videur de boîte de nuit dans sa jeunesse. Est-ce :Le pape François, tant qu’a faire.
19%
Quel objet appartenant à Neil Armstrong s'est vendu 27 350$ aux enchères ?Un chèque de 10,5$.
19%
A quel âge est mort ce bon vieux Mathusalem ?969 ans.
18%
D'après vous, quelle était la taille de Napoléon ?1,69m, Comme Tom Cruise.
17%
Laquelle de ces infos sur Gerard Depardieu est vraie ?Il a été la voix française de Kevin Costner.
16%
Quel est le vrai nom de Michael Keaton ?Michael Douglas.
16%
Lequel de ces livres n'a pas réellement été publié ?« Le gratin de courgettes ne faisait pas partie du deal ».
15%
En 1951 Disney a sorti une BD dans laquelle...Mickey et Dingo étaient des dealers d’amphétamines.
14%

Distribution des résultats

Percentile par nombre de réponses

% des personnes avec chaque résultat

Votre développement - résultats

Vous n’avez pas pris ce quiz